Circuits et arènes de Mario Kart 8 Deluxe/Switch (simple) - Statistiques

Statistiques générales
  • Ce quiz a été pris 38 fois
  • Le résultat moyen est 41 sur 104
Statistiques - réponses
Hint Réponse % Correct
Coupe Fleur Circuit Mario
75%
DS Circuit Mario
75%
GBA Circuit Mario
75%
3DS Route Arc-en-Ciel
71%
N64 Route Arc-en-ciel
71%
Route Arc-en-Ciel
71%
SNES Route Arc-en-ciel
71%
Wii Route Arc-en-ciel
71%
Château de Bowser
61%
Descente Givrée
61%
Coupe Feuille DS Stade Wario
61%
Coupe Œuf GCN Circuit Yoshi
61%
Coupe Banane GCN Désert Sec Sec
61%
N64 Autoroute Toad
61%
Coupe Champignon Champidrome
57%
Coupe Carapace Wii Prairie Meuh Meuh
57%
Wii Supermarché Coco
57%
3DS Circuit Toad
54%
DS Flipper Waluigi
54%
Coupe Crossing GCN Parc Baby
54%
(Extenstion)Coupe Turbo Doré Tour Promenade à Paris
54%
Animal Crossing
50%
Big Blue
50%
Dojo Ninja
50%
DS Plage Cheep Cheep
50%
GCN Montagne DK
50%
Promenade Toad
50%
Coupe Étoile Aéroport Azur
46%
Cascades Maskass
46%
Club Mario
46%
Désert Toussec
46%
Lagon Tourbillon
46%
Mute City
46%
Wii Circuit Daisy
46%
Circuit d'Hyrule
43%
GBA Route Ruban
43%
N64 Montagne Choco
43%
Coupe Spéciale Voie Céleste
43%
Wii Bois Vermeil
43%
Wii Pic DK
43%
3DS Forêt Tropicale DK
39%
GBA Pays Fromage
39%
GCN Manoir de Luigi
39%
GCN Stade Waluigi
39%
Manoir Trempé
39%
N64 Désert Kalimari
39%
Temple Thwomp
39%
Wii Cap Koopa
39%
Coupe Clochette 3DS Koopapolis
36%
3DS Piste Musicale
36%
GCN Paquebot Daisy
36%
Métro Turbo
36%
N64 Autodrome Royal
36%
N64 Vallée Yoshi
36%
Parc Glougloop
36%
Piste aux Délices
36%
Route du Dragon
36%
SNES Château de Bowser 3
36%
Coupe Navet Tour Escapade new-yorkaise
36%
Wii Volcan Grondant
36%
3DS Égout Piranha
32%
DS Corniche Champignon
32%
Coupe Éclair DS Horloge Tic Tac
32%
Mont Festif
32%
Passage Feuillage
32%
Station Glagla
32%
Wii Gorge Champignon
32%
Coupe Triforce Wii Mine Wario
32%
Wii Route Clair de Lune
32%
Arène d'Excitebike
29%
Course à la propreté
29%
DS Jardin Peach
29%
GBA Jardin Volant
29%
Île de Yoshi
29%
Coupe Pierre Tour Détour à Londres
29%
Coupe Maneki-Neko Tour Traversée de Tokyo
29%
3DS Monde glacé d'Harmonie
25%
3DS Mont Éboulis
25%
GBA Lac Boo
25%
GBA Pays Crépuscule
25%
GBA Pays Neigeux
25%
GBA Riverside Parc
25%
GCN Royaume Sorbet
25%
Palais du Dragon
25%
SNES Plaine Donut 3
25%
Coupe Lune Tour Balade berlinoise
25%
Coupe à Épines Tour Méandres madrilènes
25%
Coupe Gland Tour Roma romantica
25%
Coupe Hélico Tour Sprint à Sydney
25%
Coupe Fruit Tour Virée à Amsterdam
25%
3DS Wuhuville
21%
Cité Sorbet
21%
Coupe Cerises Road-trip à Los Angeles
21%
Ruines Plante Piranha
21%
Coupe Boomerang Tour Bousculade à Bangkok
21%
Tour Poursuite à Singapour
21%
Île aux Délices
18%
Passage Turbot
18%
SNES Arène Bataille 1
18%
SNES Circuit Mario 3
18%
Arènes Stade Bousculade
18%
Coupe Plume Tour Athènes Antique
18%
Tour Virages à Vancouver
18%
Colonie Lunaire
14%
Aucun quiz correspondant
Distribution des résultats
% des personnes avec chaque résultat
Percentile par nombre de réponses
Votre historique - résultats
Vous n’avez pas pris ce quiz